01334nam a2200325 a 4500001001200000003000800012006001900020007001500039008004100054020001800095020002700113040002100140035002100161043001200182050002600194100002200220245016000242260003900402300001900441504006500460533015200525650003900677650003400716651004700750655002900797700002000826710001700846856012600863999001900989ebr10421925CaPaEBRm u cr cn|||||||||101112s2010 enka sb 001 0 eng d z9781841502724 z9781841503936 (e-book) aCaPaEBRcCaPaEBR a(OCoLC)665611259 ae-uk-ni14aDA990.U46bM35 2010eb1 aMcLaughlin, Greg.14aThe propaganda of peaceh[electronic resource] :bthe role of media and culture in the Northern Ireland peace process /cGreg McLaughlin and Stephen Baker. aBristol, U.K. :bIntellect,c2010. a108 p. :bill. aIncludes bibliographical references (p. [99]-103) and index. aElectronic reproduction.bPalo Alto, Calif. :cebrary,d2010.nAvailable via World Wide Web.nAccess may be limited to ebrary affiliated libraries. 0aPeace movementszNorthern Ireland. 0aPropagandazNorthern Ireland. 0aNorthern IrelandxPolitics and government. 7aElectronic books.2local1 aBaker, Stephen.2 aebrary, Inc.40uhttp://site.ebrary.com/lib/rucke/Doc?id=10421925zAn electronic book accessible through the World Wide Web; click to view c236296d236296